[Event "BL 2016-17"]
[Site "Berlin"]
[Date "2017.05.01"]
[Round "15"]
[White "Ragger, Markus"]
[Black "Ruck, Robert"]
[Result "1-0"]
[WhiteElo "2677"]
[BlackElo "2557"]
[Annotator "TA"]
[PlyCount "51"]
[EventDate "2017.??.??"]
[EventType "team-tourn"]
[EventCountry "GER"]
[SourceTitle "playchess.com"]
[Source "ChessBase"]
[SourceQuality "1"]
[WhiteTeam "Solingen"]
[BlackTeam "Speyer-Schwegenheim"]

{[%evp 15,51,33,47,48,41,43,46,49,40,47,42,44,28,30,41,35,36,35,141,139,208,208,274,247,560,487,783,831,823,793,1627,1673,1606,1665,29995,29996,29996,29997]} 1. d4 Nf6 2. c4 e6 3. g3 d5 4. Nf3 dxc4 5. Bg2 a6 6. O-O Nc6 7. e3 Bd7 8. Qe2 b5 9. b3 {E04: Open Catalan: 5 Nf3} cxb3 10. axb3 Be7 11. Bb2 {[%mdl 1024] White is slightly better. White has compensation.} O-O 12. Rc1 Ra7 13. Nc3 {[%cal Bb1c3,Bc3d5,Bd5f6][%mdl 32]} Qb8 $146 (13... Nb4 14. Ne5 Be8 15. Ba3 Nfd5 16. Nxd5 Nxd5 17. Bxe7 Qxe7 18. Bxd5 exd5 {1-0 (52) Scherer,A (2556)-Doderer,H (2467) Remote email 2013}) 14. Ne5 Nxe5 15. dxe5 Nd5 $1 16. Bxd5 {And now Bg2 would win.} exd5 (16... b4 $1 $14 17. Bc4 bxc3 18. Bxc3 (18. Rxc3 a5 $14) 18... c5) 17. Nxd5 $16 Bd8 (17... Re8 $16 18. Bd4 Rb7 19. Nxe7+ (19. Rxa6 Bf8 20. Qd3 Re6 21. Rxe6 Bxe6 $18) 19... Rxe7 20. Rxa6 Be6) 18. Qh5 $18 Qb7 {[#]} 19. Rc5 $1 ({Stronger than} 19. e6 fxe6 20. Nf4 Qe4 $11) 19... Kh8 $2 (19... Ra8 {is more resistant.} 20. Nf6+ (20. e6 fxe6 21. Nf4 Qe4 $11) 20... Bxf6 21. exf6 Qe4) 20. Rd1 ({Weaker is} 20. e6 Bxe6 21. Rxc7 Qa8 $16) 20... Be6 (20... Qc8 $142) 21. Nf6 {[%csl Gf6][%cal Rh5h7]} h6 22. e4 Be7 {[#]} 23. Bc1 $3 {[%cal Rc1h6][%mdl 512] Intending Bxh6! and mate.} Bg4 24. Qxg4 Bxc5 {[#]} 25. Bxh6 $1 {[%mdl 512]} gxh6 26. Qf5 {Precision: White = 98%, Black = 49%.} 1-0

[Event "BL 2016-17"]
[Site "Berlin"]
[Date "2017.05.01"]
[Round "15"]
[White "Moiseenko, Alexander"]
[Black "Moehn, Hans"]
[Result "1-0"]
[WhiteElo "2670"]
[BlackElo "2382"]
[Annotator "TA"]
[PlyCount "93"]
[EventDate "2017.??.??"]
[EventType "team-tourn"]
[EventCountry "GER"]
[SourceTitle "playchess.com"]
[Source "ChessBase"]
[SourceQuality "1"]
[WhiteTeam "Hockenheim"]
[BlackTeam "TU Dresden"]

{[%evp 21,93,61,59,60,62,66,61,63,61,39,55,53,65,45,51,10,37,12,55,54,52,33,62,64,55,26,55,48,51,50,39,30,58,70,113,124,122,90,114,92,141,139,139,0,141,84,90,89,64,83,82,83,93,87,128,103,145,53,64,6,6,6,8,8,12,-34,-52,-33,-47,-39,388,397,840,818]} 1. d4 Nf6 2. c4 g6 3. Nc3 Bg7 4. e4 d6 5. Bd3 O-O 6. Nge2 a6 7. O-O Nbd7 8. f3 c5 9. Be3 b6 10. Qd2 {E81: King's Indian: Sämisch: 6th move deviations (including 6 Be3 c6)} cxd4 11. Nxd4 Bb7 {LiveBook: 7 Games} 12. Rfd1 {White is slightly better.} e6 13. Bf1 Re8 14. Nc2 Bf8 15. Rac1 Qc7 {[#]} 16. Kh1 $146 ({Predecessor (4):} 16. Qf2 Be7 17. Kh1 Rac8 {1-0 (35) Istratescu,A (2629)-Ardeleanu,A (2416) Predeal 2007}) 16... Rac8 17. Na3 Qb8 18. Bg1 Rcd8 19. Nc2 Ba8 20. Ne3 Ne5 21. Qf2 Ned7 22. b4 Rc8 23. a3 Rc7 24. Qd2 Ne5 25. Bf2 Be7 26. Be2 Nh5 27. Na4 Nd7 28. Ng4 Rc6 29. Bd4 Rec8 30. Nc3 R6c7 31. Nh6+ Kf8 32. Ng4 Kg8 $1 33. Rf1 (33. b5 $142) 33... Nhf6 $16 34. Nxf6+ Nxf6 35. Bd3 Nd7 {[#]} 36. f4 $1 Re8 37. Qf2 Bf8 38. Na4 Rb7 39. e5 (39. f5 $16 {fxe6 is the strong threat.} Ne5 40. Rcd1) 39... b5 40. cxb5 (40. exd6 $1 $14 bxa4 41. c5) 40... axb5 $11 41. Nc3 {[%cal Ba4c3,Bc3e4,Be4f6][%mdl 32]} dxe5 42. fxe5 Nxe5 43. Ne4 (43. Qf6 Bg7 44. Bxe5 Qxe5 45. Qxe5 Bxe5 46. Nxb5 Rd7 $17) 43... Ng4 $1 {[%csl Gg4][%cal Rb8h2] [#]} 44. Qh4 f5 {And now ...Rd7 would win.} 45. Qxg4 $1 {aiming for Nf6+.} fxg4 $4 {[%mdl 8192]} (45... Bg7 $15 {stays ahead.} 46. Qd1 fxe4 47. Bxg7 Rd7) 46. Nf6+ $18 Kh8 $2 (46... Kf7 47. Nxh7+ (47. Nd7+ Kg8 48. Nf6+ Kf7 $18) 47... Kg8 48. Nf6+ Kf7 49. Nxg4+ Kg8 50. Nf6+ Kf7 51. Nd7+ Kg8 52. Nf6+ (52. Rxf8+ Rxf8 53. Nxb8 Rfxb8 $11) 52... Kf7 53. Nd7+ Kg8 54. Nxb8 Rexb8) 47. Nxe8+ 1-0

[Event "BL 2016-17"]
[Site "Berlin"]
[Date "2017.05.01"]
[Round "15"]
[White "Efimenko, Zahar"]
[Black "Fruebing, Stefan"]
[Result "1/2-1/2"]
[WhiteElo "2650"]
[BlackElo "2392"]
[Annotator "TA"]
[PlyCount "175"]
[EventDate "2017.??.??"]
[EventType "team-tourn"]
[EventCountry "GER"]
[SourceTitle "playchess.com"]
[Source "ChessBase"]
[SourceQuality "1"]
[WhiteTeam "Werder Bremen"]
[BlackTeam "König Tegel"]

{[%evp 21,175,0,0,0,0,0,12,8,9,10,10,6,10,10,15,8,15,4,33,32,35,32,33,34,32,29,37,25,39,36,52,25,30,31,33,0,0,0,0,0,0,0,0,0,0,0,0,0,0,0,0,0,0,0,0,0,0,0,0,0,0,0,0,0,0,0,0,0,0,0,0,0,0,0,0,0,2,0,37,37,38,38,45,45,45,45,45,45,45,0,0,0,6,0,0,0,0,0,0,0,31,0,0,0,7,7,7,7,18,7,7,7,7,7,7,7,7,7,7,7,7,0,7,7,8,8,15,7,7,7,7,7,8,8,8,7,8,8,8,8,8,8,8,8,8,8,8,8,8,8,8,8,8,8,8,8]} 1. Nf3 d5 2. g3 c6 3. Bg2 Bg4 4. O-O e6 5. c4 Nf6 6. cxd5 Bxf3 7. Bxf3 cxd5 8. d4 {A11: English Opening: 1...c6} Nc6 9. e3 Be7 10. Nc3 O-O 11. Bd2 Qd7 {LiveBook: 4 Games} 12. Rc1 Rfc8 13. Bg2 Ne8 14. Qe2 Nd6 15. Rfd1 Bd8 16. Be1 Ne7 17. b3 {[#]} Rc6 $146 18. Qb2 Rac8 19. Bf1 b5 20. Ne2 a5 21. Nf4 Rxc1 22. Rxc1 Rxc1 23. Qxc1 Qc6 24. Qb2 Bb6 25. Nd3 Qc7 26. h4 h5 27. Qe2 g6 28. g4 hxg4 29. Qxg4 Ne4 30. f3 Nf6 31. Qf4 Qxf4 32. Nxf4 b4 33. Bd3 Nf5 34. Bxf5 exf5 $11 {[%mdl 4096] Endgame KBN-KBN} 35. Bg3 Bd8 36. Kg2 Kf8 37. Nd3 Ke8 38. Kh3 Kd7 39. Bh2 Bb6 40. Bb8 Nh5 41. Bh2 Nf6 42. Nf4 Bd8 43. Kg2 Kc6 44. Bg3 Bb6 45. h5 Nxh5 46. Nxh5 gxh5 {KB-KB} 47. Kh3 Bd8 48. Bh4 f6 (48... Bc7 $5 {is interesting.} 49. Bf2 Bd6 50. Kh4 Kd7 51. Kxh5 Ke6) 49. Bg3 Kd7 50. Kh4 Ke6 51. Kxh5 Kf7 52. Bd6 Bb6 53. Kh4 Bd8 54. Kg3 Ke6 55. Bc5 Bc7+ 56. Kf2 Bd8 57. Ke2 Kd7 58. Kd3 Bc7 59. Kc2 Bd8 60. Bf8 Kc6 61. Bh6 Be7 {The position is equal.} 62. Bf4 Bd8 63. Bg3 Be7 64. Kd3 Kd7 65. Be1 Bd8 66. Bd2 Bc7 67. Bc1 Bd6 68. Kc2 Kc6 69. Bd2 Bc7 70. Be1 Bd8 71. Bg3 Bb6 72. Kb2 Bd8 73. a3 Be7 74. axb4 Bxb4 75. Kc2 Kb5 76. Kd3 a4 77. bxa4+ Kxa4 78. Bc7 Be7 79. e4 fxe4+ 80. fxe4 dxe4+ 81. Kxe4 Kb5 82. Kd5 Bb4 83. Ke6 Kc4 84. d5 f5 85. Be5 Bc5 86. d6 Bxd6 $1 87. Bxd6 f4 88. Bxf4 1/2-1/2

[Event "BL 2016-17"]
[Site "Berlin"]
[Date "2017.05.01"]
[Round "15"]
[White "Balogh, Csaba"]
[Black "Vogel, Roven"]
[Result "1/2-1/2"]
[WhiteElo "2633"]
[BlackElo "2462"]
[Annotator "TA"]
[PlyCount "83"]
[EventDate "2017.??.??"]
[EventType "team-tourn"]
[EventCountry "GER"]
[SourceTitle "playchess.com"]
[Source "ChessBase"]
[SourceQuality "1"]
[WhiteTeam "Hockenheim"]
[BlackTeam "TU Dresden"]

{[%evp 10,83,33,20,44,43,51,41,54,44,42,46,52,44,48,45,45,31,32,34,25,30,44,43,41,0,13,-7,0,-6,68,50,56,-12,-12,-8,-10,-12,0,0,0,-19,-29,-29,-6,-12,0,0,0,0,0,0,0,0,0,0,0,0,0,0,8,0,0,0,0,0,0,0,0,-400,0,0,0,0,0,0]} 1. e4 e5 2. Nf3 Nc6 3. Bb5 Nf6 4. d3 {[%cal Bd2d3,Bd3d4,Bd4d5][%mdl 32]} d6 5. O-O Bd7 {C66: Ruy Lopez: Steinitz Defence} (5... Be7 6. Re1 O-O 7. Bxc6 bxc6 8. d4 Nd7 9. b3 Bf6 10. Bb2 exd4 11. Bxd4 c5 12. Bxf6 Qxf6 13. Nbd2 Ba6 {½-½ (42) Robson,R (2668)-Swiercz,D (2645) chess.com INT 2017}) 6. Re1 {LiveBook: 85 Games} g6 7. d4 Bg7 {White is slightly better.} 8. d5 Ne7 9. Bxd7+ Qxd7 10. c4 O-O $146 (10... Nh5 11. Nc3 h6 12. Be3 f5 13. exf5 Nxf5 {½-½ (45) Obrusnik,M (2288)-Brzeski,M (2353) Poland 2015}) 11. Nc3 Nh5 12. Be3 h6 13. Nd2 f5 14. exf5 Nxf5 15. Nde4 Nd4 16. Ne2 {[%cal Re2d4]} Nf5 17. g3 c5 18. Qd3 a6 19. b4 b6 (19... cxb4 $11 20. Bd2 Nf6) 20. Rab1 {[%cal Rb4c5]} Nd4 {Black wants to play ...Nf3+.} 21. Nxd4 ({White should play} 21. Kg2 $1 $14) 21... cxd4 $11 ({But not} 21... exd4 $6 22. Bd2 Rab8 {[#]} 23. a4 $1 $16 {[%mdl 512]}) 22. Bd2 Nf6 23. f4 Nxe4 24. Qxe4 exf4 25. Bxf4 g5 26. Bd2 Rf6 27. Rf1 Raf8 28. Rxf6 Rxf6 29. Re1 Qa4 30. Qe8+ (30. Qb1 $5 {feels hotter.} Qd7 31. Qe4) 30... Qxe8 31. Rxe8+ {[%mdl 4096] Endgame KRB-KRB} Kf7 32. Re2 Kg6 33. Kg2 d3 34. Rf2 Rf5 35. Rxf5 Kxf5 {KB-KB} 36. Kf3 Bd4 37. g4+ Ke5 38. Be1 $1 {[%cal Re1g3] [#] Black must now prevent Bg3+.} Bg1 $1 39. Bc3+ $1 Bd4 40. Be1 {Bg3+ is the strong threat.The position is equal.} Bg1 $1 {Strongly threatening ...Kd4.} 41. Bc3+ $1 Bd4 42. Be1 1/2-1/2

[Event "BL 2016-17"]
[Site "Berlin"]
[Date "2017.05.01"]
[Round "15"]
[White "Gharamian, Tigran"]
[Black "Krassowizkij, Jaroslaw"]
[Result "1-0"]
[WhiteElo "2625"]
[BlackElo "2453"]
[Annotator "TA"]
[PlyCount "79"]
[EventDate "2017.??.??"]
[EventType "team-tourn"]
[EventCountry "GER"]
[SourceTitle "playchess.com"]
[Source "ChessBase"]
[SourceQuality "1"]
[WhiteTeam "Schwäbisch Hall"]
[BlackTeam "Griesheim"]

{[%evp 16,79,13,0,10,0,5,0,10,12,14,16,20,7,6,22,28,28,52,53,58,66,52,58,55,39,37,34,66,31,39,39,39,40,61,56,51,48,55,54,63,59,86,87,178,206,202,199,183,162,165,166,185,183,336,181,462,443,2127,1326,5955,5493,5106,4301,1223,826]} 1. e4 e6 2. d4 d5 3. Nc3 Nf6 4. e5 Nfd7 5. f4 c5 6. Nf3 Nc6 7. Be3 a6 8. Qd2 b5 9. Bd3 Qb6 {[%cal Rc5d4] C11: French: Classical System: 4 e5 and 4 Bg5 dxe4} 10. dxc5 Bxc5 11. Bf2 h6 {The position is equal.} 12. O-O (12. a3 O-O 13. O-O Ra7 14. Rae1 b4 15. axb4 Qxb4 16. f5 exf5 17. Bxf5 Nb6 {1-0 (30) Harikrishna,P (2768)-Bluebaum,M (2641) Novi Sad 2016}) 12... Bxf2+ 13. Qxf2 Qxf2+ 14. Kxf2 g5 15. g3 ({Of course not} 15. fxg5 hxg5 16. Nxg5 Ncxe5 $15) 15... Nc5 $146 (15... g4 16. Nd2 Ke7 17. Ne2 Bb7 {1-0 (98) Solozhenkina,E (2320)-Wang,A (2013) Khanty-Mansiysk 2016}) 16. Ne2 b4 17. Ned4 Nxd4 18. Nxd4 gxf4 19. gxf4 Bd7 20. Ke3 Rg8 21. Rg1 Ke7 22. Rg3 Rxg3+ 23. hxg3 {[%cal Bh2g3,Bg3g4,Bg4g5][%mdl 32]} Rg8 24. Kf3 f6 25. exf6+ Kxf6 26. Rh1 Rh8 27. g4 e5 {[#]} 28. g5+ $1 {[%mdl 512]} Kg7 (28... hxg5 29. Rxh8) 29. fxe5 {And now gxh6+ would win.} hxg5 (29... Nxd3 $16 {was called for.} 30. cxd3 Rf8+ 31. Ke3 hxg5) 30. Rxh8 $18 Kxh8 31. Bf5 Bxf5 32. Nxf5 {[%mdl 4096] Endgame KN-KN} Kg8 33. Kg4 Kf7 34. Kxg5 Na4 $2 {[#]} (34... Ne6+ 35. Kg4 a5) 35. b3 (35. Nd4 $142) 35... Nc3 $2 (35... Nc5 {was worth a try.} 36. Kg4 Ke6) 36. Nd4 {White is clearly winning.} Nxa2 (36... Ke7 $142 37. Kg6 Ne4 38. Nc6+ Ke6 39. Nxb4 Nc3) 37. e6+ Ke7 38. Kf5 Nc3 39. Ke5 Ke8 40. Nc6 1-0

[Event "BL 2016-17"]
[Site "Berlin"]
[Date "2017.05.01"]
[Round "15"]
[White "Meier, Georg"]
[Black "Rezasade, Amir"]
[Result "1-0"]
[WhiteElo "2621"]
[BlackElo "2339"]
[Annotator "TA"]
[PlyCount "79"]
[EventDate "2017.??.??"]
[EventType "team-tourn"]
[EventCountry "GER"]
[SourceTitle "playchess.com"]
[Source "ChessBase"]
[SourceQuality "1"]
[WhiteTeam "Baden-Baden"]
[BlackTeam "Mülheim Nord"]

{[%evp 23,79,0,12,-1,48,8,27,7,64,51,59,0,28,10,12,11,12,18,12,12,9,14,14,0,0,0,0,-5,-6,-15,4,6,170,191,187,184,187,190,194,185,179,174,212,208,221,212,285,290,282,272,404,407,555,555,689,666,735,734]} 1. e4 c6 2. d4 d5 3. exd5 cxd5 4. c4 Nf6 5. Nc3 e6 6. Nf3 Be7 7. cxd5 Nxd5 8. Bd3 Nc6 9. O-O O-O 10. Re1 Bf6 11. Be4 Nce7 12. Qd3 h6 13. Bd2 {D42: Queen's Gambit Declined: Semi-Tarrasch: 5 cxd5 Nxd5 6 e3 Nc6 7 Bd3} (13. Ne5 Nxc3 14. Qxc3 Nf5 15. Be3 Rb8 16. Bf4 g5 17. Bxf5 gxf4 18. Be4 Bg7 19. Rad1 Bd7 20. Qf3 Bb5 21. Bxb7 Qg5 22. b3 {0-1 (61) Gelfand,B (2743)-Wang,Y (2720) Beijing 2014}) 13... Nb4 14. Qc4 Nbd5 $146 (14... Nbc6 15. Rad1 Nxd4 16. Bxh6 e5 17. Bc1 Bg4 18. Ne2 Qb6 19. Qd3 Rfd8 {½-½ (19) Wirthensohn,H (2391)-Panzalovic,S (2429) Germany 2006}) 15. Bc2 {White has an edge.} Nxc3 (15... b6 $11) 16. bxc3 Bd7 17. h4 ({White should try} 17. Rab1 $14) 17... Qa5 18. Rab1 Bc6 19. Ne5 {[#] And now Qd3 would win.} Qd5 20. Qxd5 Nxd5 21. Nxc6 bxc6 {[%cal Bb7c6,Bc6c5,Bc5d4][%mdl 32]} 22. g3 $36 {[%mdl 2048] White has some pressure.} Nb6 23. Rb3 Rac8 24. Bd3 c5 {next ...c4 is good for Black.} 25. Ba6 Rcd8 26. Rc1 cxd4 27. c4 {Black should prevent c5.} Be7 $2 (27... Na4 $1 $11) 28. c5 $18 Na4 29. c6 Nc5 30. c7 Nxa6 31. cxd8=Q ({But not} 31. cxd8=R $6 Rxd8 32. Rb5 d3 $16) 31... Rxd8 32. Rb5 Rd7 33. Rc8+ Kh7 34. Rc6 Rd6 {[#]} 35. Rxd6 $1 Bxd6 36. Ra5 Nc7 (36... Nc5 $142 37. Bb4 (37. Rxa7 Ne4 $16) 37... Nb3) 37. Rxa7 f5 38. a4 {[%cal Ba2a4,Ba4a5,Ba5a6][%mdl 32] White is clearly winning.} e5 39. a5 e4 40. a6 {Precision: White = 71%, Black = 34%.} 1-0

[Event "BL 2016-17"]
[Site "Berlin"]
[Date "2017.05.01"]
[Round "15"]
[White "Melkumyan, Hrant"]
[Black "Bauer, Christian"]
[Result "1/2-1/2"]
[WhiteElo "2619"]
[BlackElo "2619"]
[Annotator "TA"]
[PlyCount "80"]
[EventDate "2017.??.??"]
[EventType "team-tourn"]
[EventCountry "GER"]
[SourceTitle "playchess.com"]
[Source "ChessBase"]
[SourceQuality "1"]
[WhiteTeam "SF Berlin"]
[BlackTeam "Hamburger SK"]

{[%evp 13,80,-17,-19,-18,-10,-16,-10,-19,-10,-44,-33,-47,-33,-27,-17,-11,-7,-32,-18,-18,-19,-16,-16,-55,-62,-72,-54,-85,0,0,29,-17,0,-97,-75,-55,21,21,21,21,27,22,45,29,32,0,0,0,7,7,9,0,0,0,0,0,0,0,6,0,0,0,0,0,0,0,0,0,0]} 1. Nf3 b6 2. c4 Bb7 3. Nc3 e6 4. g3 Bxf3 5. exf3 c5 6. Bg2 {A10: English Opening: Unusual Replies for Black} Nc6 7. f4 Nge7 {LiveBook: 3 Games} 8. O-O g6 9. d3 Bg7 10. Qa4 $146 (10. Be3 O-O 11. Rb1 d5 12. cxd5 exd5 13. Ne2 Qd7 {1-0 (58) Jurman,R (2205)-Zaja,I (2476) Pula 2015}) 10... O-O 11. Rd1 a6 12. Be3 Qc7 13. Rab1 Rfd8 14. a3 d5 15. Ne2 Nf5 16. b4 Ncd4 17. Nxd4 Bxd4 18. Bd2 {[#]} b5 $1 {[%mdl 512]} 19. Qb3 {[#]} (19. cxb5 axb5) 19... Rac8 $1 20. Be1 Qd6 (20... e5 $17 21. fxe5 (21. Bxd5 exf4 22. Kf1 Qe5 $17) 21... Qxe5 22. Bxd5 cxb4) 21. Qa2 $11 h5 {[%cal Bh7h5,Bh5h4][%mdl 32]} 22. a4 bxa4 23. Qxa4 {[#]} (23. bxc5 $11 Qd7 24. cxd5 exd5 25. Ba5) 23... h4 $1 $17 {[%cal Rh4g3]} 24. Kf1 cxb4 ({Black should play} 24... hxg3 $15 25. hxg3 dxc4) 25. Bxb4 $11 Bc5 26. cxd5 {Black must now prevent Ba5.} Bxb4 27. Qxb4 exd5 28. Qxd6 Rxd6 29. Rb4 Rc2 {The position is equal.} 30. Re1 hxg3 31. hxg3 Kg7 32. Bf3 Rd2 33. Rd1 Rc2 34. Re1 Rd2 35. Rd1 $36 {[%mdl 2048] White is pushing.} Rc2 36. Ra4 Rb6 {...Rbb2 is the strong threat.} 37. Re1 Rd2 38. Rd1 Rc2 {aiming for ...Rbb2.} 39. Re1 Rd2 40. Rd1 Rc2 1/2-1/2

[Event "BL 2016-17"]
[Site "Berlin"]
[Date "2017.05.01"]
[Round "15"]
[White "Miton, Kamil"]
[Black "Mista, A.."]
[Result "1/2-1/2"]
[WhiteElo "2612"]
[BlackElo "2584"]
[Annotator "TA"]
[PlyCount "65"]
[EventDate "2017.??.??"]
[EventType "team-tourn"]
[EventCountry "GER"]
[SourceTitle "playchess.com"]
[Source "ChessBase"]
[SourceQuality "1"]
[WhiteTeam "SF Berlin"]
[BlackTeam "Hamburger SK"]

{[%evp 27,65,4,16,10,12,1,25,15,12,6,6,6,6,4,7,6,0,0,0,0,0,0,0,0,0,0,0,0,0,0,0,0,0,0,0,0,7,0,8,0]} 1. e4 c6 2. d4 d5 3. Nc3 dxe4 4. Nxe4 Bf5 5. Ng3 Bg6 6. Nh3 Nf6 7. Nf4 e5 8. Nxg6 hxg6 9. dxe5 Qa5+ 10. Bd2 Qxe5+ 11. Qe2 Nbd7 12. Qxe5+ {B18: Classical Caro-Kann: 4...Bf5 sidelines} (12. O-O-O O-O-O 13. Qxe5 Nxe5 14. h3 Bc5 15. f4 Ned7 16. Bc4 Bf2 17. Nf1 Rhf8 18. Bb4 Bc5 19. Bxc5 Nxc5 {1-0 (50) Hou,Y (2629)-Motylev,A (2698) Biel 2014}) 12... Nxe5 13. f4 Ned7 14. O-O-O Bc5 {LiveBook: 3 Games} 15. Re1+ Kf8 {Hoping for ...Bf2.} 16. Bd3 Re8 17. Rxe8+ Kxe8 {The position is equal.} 18. h3 Bf2 19. Ne4 Nxe4 20. Bxe4 {[#]} Nc5 $146 (20... f5) 21. Bf3 Ne6 22. Rf1 Bg3 23. Bd1 Rh4 {[%cal Rg3f4]} 24. f5 $1 {[%cal Rf5e6]} gxf5 25. Rxf5 g6 26. Rf3 Bf4 27. Bxf4 Rxf4 28. Rxf4 Nxf4 $11 {KB-KN} 29. Bf3 g5 30. Kd2 Ke7 31. Ke3 f5 32. h4 Ne6 33. hxg5 1/2-1/2

[Event "BL 2016-17"]
[Site "Berlin"]
[Date "2017.05.01"]
[Round "15"]
[White "Baramidze, David"]
[Black "Loxine, Jakov"]
[Result "1-0"]
[WhiteElo "2609"]
[BlackElo "2406"]
[Annotator "TA"]
[PlyCount "130"]
[EventDate "2017.??.??"]
[EventType "team-tourn"]
[EventCountry "GER"]
[SourceTitle "playchess.com"]
[Source "ChessBase"]
[SourceQuality "1"]
[WhiteTeam "Hockenheim"]
[BlackTeam "TU Dresden"]

{[%evp 12,130,25,18,47,16,14,8,18,-17,-17,-39,-17,-17,-22,-28,-29,-54,-37,-42,52,31,67,52,67,56,47,57,62,0,52,62,64,58,74,81,125,122,212,120,183,139,155,134,211,210,209,208,204,214,213,208,219,227,219,206,200,177,209,188,214,197,199,118,164,0,93,149,105,136,181,180,185,187,157,170,320,319,357,327,482,312,310,294,260,66,66,66,66,66,66,65,65,65,65,65,175,170,175,148,11855,3317,29974,29975,29974,29975,29977,29978,29973,29975,6025,6105,29982,29984,29984,29985,29987,29988,29987,29988,29989]} 1. d4 Nf6 2. Nf3 g6 3. Nc3 d5 4. Bf4 Bg7 5. e3 O-O 6. Be2 a6 7. Ne5 {LiveBook: 8 Games. D00: 1 d4 d5: Unusual lines} b5 (7... Ne4 8. Nxe4 dxe4 9. h4 f6 10. Bc4+ e6 11. Ng4 h5 12. Nh2 f5 13. Nf1 c5 14. c3 b5 {1-0 (39) Colovic,D (2348)-Rathnakaran,K (2458) Novi Sad 2016}) 8. a4 $146 (8. h4 Bb7 9. h5 Nbd7 10. hxg6 hxg6 11. Bd3 Nxe5 12. dxe5 Ne4 13. Qf3 f5 14. Bxe4 dxe4 {1-0 (28) Lupu,O (2265)-Costachi,M (2056) Baile Olanesti 2013}) 8... b4 9. Na2 {The position is equal.} a5 10. Nc1 Ne4 11. O-O f6 12. Ned3 Nd7 13. f3 Nd6 14. e4 dxe4 15. Nc5 $1 {[%cal Rc5e6]} Nb6 (15... Nxc5 $1 $15 16. dxc5 Nf7 17. fxe4 e5) 16. fxe4 $14 e5 17. dxe5 $1 fxe5 18. Bg3 Rxf1+ 19. Qxf1 Qe7 20. b3 (20. Bf2 $14) 20... Bd7 (20... Nb7 $11 21. N5d3 Be6) 21. N1d3 (21. Nxd7 Qxd7 22. Qd1 Nxe4 23. Qxd7 Nxd7 $15) 21... Bc6 22. Bf3 $1 Re8 23. Rd1 h5 24. Qe1 Kh8 (24... Ra8 $16 {is a better defense.} 25. c3 bxc3 26. Qxc3 Nf7) 25. h3 ({Better is} 25. c3 $18) 25... Kg8 (25... Nf7 $16) 26. Kh1 Ba8 27. Bf2 Nbc8 (27... Nd7 $16 {was necessary.} 28. c3 bxc3 29. Nxd7 (29. Qxc3 Nf6 $16) 29... Qxd7) 28. c3 $18 bxc3 29. Qxc3 Na7 30. Qxa5 Nc6 31. Qe1 Nd4 32. Bxd4 exd4 33. Qg3 Kh7 34. a5 {[%cal Ba4a5,Ba5a6][%mdl 32]} Nf7 35. a6 Ne5 36. b4 Bc6 37. Ra1 (37. Be2 $18) 37... Qd6 {intending ...Nxd3.} 38. Nb7 $2 (38. Be2 $18) 38... Bxb7 (38... Qe7 $1 $11 39. Nbc5 Bb5) 39. axb7 $16 {Threatens to win with Ra8.} Rb8 ({Don't go for} 39... Nxd3 $2 40. Qxd6 cxd6 41. Ra8 $18) 40. Nc5 $36 {[%mdl 2048] aiming for Ra8. White is really pushing.} Qb6 41. Ra8 Rxb7 42. Nxb7 Qxb7 43. Re8 Qb5 (43... Nxf3 $142 44. Qxf3 c6) 44. Re7 $18 Kh8 {[#]} 45. Bxh5 $1 {[%mdl 512]} (45. Rxc7 Qf1+ 46. Kh2 Nxf3+ 47. gxf3 d3 $11) 45... Qf1+ (45... gxh5 46. Qxg7#) 46. Kh2 Qf6 47. Re8+ ({Weaker is} 47. Rxc7 gxh5 48. Rc8+ Kh7 $11) 47... Kh7 {[#]} 48. Rxe5 $2 (48. Bg4 $1 $18) 48... Qxe5 $14 49. Bxg6+ Kh6 {And now ...Qxg3+ would win.} 50. Bf5 d3 $1 51. Qxe5 Bxe5+ {[%mdl 4096] Endgame KB-KB} 52. g3 d2 53. Bg4 Kg5 {[#]} ({Black should play} 53... c6 $1 $14) 54. b5 $1 $18 Bd4 55. Bd1 Be5 $2 {[%mdl 8192]} (55... Kf6 $16 56. Kg2 Bc5) 56. h4+ (56. Kg2 $142 Bh8 57. h4+ Kf6 58. g4) 56... Kg6 57. Kh3 Kf6 58. g4 {[%cal Bg3g4,Bg4g5,Bg5g6,Bg6g7][%mdl 32]} Bf4 59. g5+ Ke5 60. Kg4 Be3 61. h5 {[%cal Bh4h5,Bh5h6][%mdl 32]} Kxe4 62. h6 {White mates.} Kd5 63. Kh5 Ke6 64. g6 Bd4 65. g7 Kd5 1-0

[Event "BL 2016-17"]
[Site "Berlin"]
[Date "2017.05.01"]
[Round "15"]
[White "Nikolic, Predrag"]
[Black "Kramer, Julian"]
[Result "1-0"]
[WhiteElo "2609"]
[BlackElo "2334"]
[Annotator "TA"]
[PlyCount "57"]
[EventDate "2017.??.??"]
[EventType "team-tourn"]
[EventCountry "GER"]
[SourceTitle "playchess.com"]
[Source "ChessBase"]
[SourceQuality "1"]
[WhiteTeam "Solingen"]
[BlackTeam "Speyer-Schwegenheim"]

{[%evp 18,57,14,11,11,7,24,21,23,23,27,2,16,15,41,17,35,25,30,12,50,48,54,49,39,34,37,16,48,26,143,138,149,18,174,186,319,277,789,787,781,772]} 1. d4 Nf6 2. Nf3 g6 3. Bf4 Bg7 4. e3 O-O 5. h3 c5 6. Nbd2 b6 7. c3 d6 8. Bc4 Bb7 9. O-O Nbd7 10. a4 a6 {A48: 1 d4 Nf6 2 Nf3 g6: Torre, London and Colle Systems} 11. Bh2 Ra7 (11... Qc7 12. Re1 Rad8 {½-½ (57) Kamsky,G (2670)-Maiorov,N (2538) Kazan 2016}) 12. Re1 Qa8 {The position is equal.} 13. Bf1 Re8 14. Nc4 {[%cal Bd2c4,Bc4e3,Be3g4][%mdl 32]} cxd4 $146 (14... Bc6 15. dxc5 bxc5 {0-1 (52) Djukic,S (2198)-Drljevic,L (2273) Novi Sad 2010}) 15. exd4 Bh6 16. Ne3 Nd5 17. Ng4 Bg7 18. Nd2 Bc6 19. c4 $36 {[%mdl 2048] White has some pressure.} N5f6 20. d5 {And now Nxf6+ would win.} Bb7 21. a5 b5 22. Ne3 bxc4 23. Ndxc4 Nxd5 (23... Qb8 $11) 24. Nxd5 $16 Bxd5 {[#]} 25. Nxd6 ({Only move:} 25. Nb6 $1 $16 {[%cal Rb6a8]} Nxb6 26. axb6) 25... Rd8 $2 ({But not} 25... Bxb2 $2 26. Nxe8 Qxe8 27. Qxd5 $18) (25... exd6 $11 26. Rxe8+ Qxe8 27. Qxd5 Bxb2) 26. Rxe7 $18 Bxb2 {[#]} (26... Nf6 $142 27. Rxa7 Qxa7) 27. Nxf7 $1 {[%mdl 512]} Nf6 $2 (27... Bxf7 28. Rxf7 Kxf7 29. Qb3+ Kg7 30. Qxb2+ Nf6) 28. Rxa7 Qxa7 29. Nxd8 1-0